01365nab a2200373 a 450000100060000000300080000600500170001400600190003100700150005000800410006502200140010603500210012004000260014105000210016708000080018808200120019610000180020822200260022624501730025226000680042530000140049331000100050736200170051753301640053465000370069865000380073565000290077365000280080265500320083070000220086270000260088471000190091085600620092923025FlNmELB20241216214043.0m o d | cr cn|||||||||201201r2001 ag |||||s|||||||||||spa d a1666-5112 a(OCoLC)955366719 aFlNmELBbspacFlNmELB 4aHB71bG3389 2001 a33004a3302221 aGento, Angel. 0aCuadernos del CIMBAGE10aReflexiones acerca de las matrices de incidencia y la recuperación de efectos olvidadosh[recurso electronico] /cAngel Gento, Luisa L. Lazzari, Emilio A. M. Machado. aBuenos Aires (Argentina) :bUniversidad de Buenos Aires,c2001. a11-27 pp. aAnual0 aNo. 4(2001)- aRecurso electrónico. Santa Fe, Arg.: e-libro, 2015. Disponible vía World Wide Web. El acceso puede estar limitado para las bibliotecas afiliadas a e-libro. 4aNegocios y economía.xGeneral. 4aBusiness and Economics.xGeneral. 4aMatemática.xMatrices. 4aMathematics.xMatrices. 4aArtículos electrónicos.1 aLazzari, Luisa L.1 aMachado, Emilio A. M.2 ae-libro, Corp.40uhttps://elibro.net/ereader/politecnicointernacional/24160